[Event "Tirol Landesliga 2223"]
[Site "Austria"]
[Date "2022.11.27"]
[Round "4.5"]
[White "Kranebitter, Gerhard"]
[Black "Schober, Othmar"]
[Result "1-0"]
[WhiteElo "1991"]
[BlackElo "1671"]
[PlyCount "45"]
[EventDate "2022.10.01"]
[EventType "team-tourn"]
[EventRounds "9"]
[EventCountry "AUT"]
[SourceTitle "EXT 2024"]
[Source "ChessBase"]
[SourceDate "2023.10.10"]
[SourceVersion "1"]
[SourceVersionDate "2023.10.10"]
[SourceQuality "1"]
[WhiteTeam "Rochade Rum"]
[BlackTeam "Fuegen/Mayrhofen/Zillertal"]
[WhiteTeamCountry "AUT"]
[BlackTeamCountry "AUT"]

1. e4 c5 2. Nc3 e6 3. g3 d5 4. exd5 exd5 5. Bg2 Nf6 6. d3 Nc6 7. Nge2 a6 8. 0-0 Be6 9. Nf4 Bg4 10. Qe1+ Be7 11. h3 Bf5 12. Nfxd5 0-0 13. Nxe7+ Nxe7 14. Bg5 Qd6 15. Bf4 Qd7 16. Kh2 Rae8 17. Qd1 Nc6 18. Bg5 Re6 19. Re1 Rfe8 20. Rxe6 Rxe6 21. Be3 b6 22. Qf3 h5 23. Qxf5 1-0